Central Library OPAC University of Rajshahi

Industrial organization and management / (Record no. 53936)

MARC details
000 -LEADER
fixed length control field 00803nam a2200265 a 4500
001 - CONTROL NUMBER
control field 53936
003 - CONTROL NUMBER IDENTIFIER
rucl marc code BD-RjUL
005 - DATE AND TIME OF LATEST TRANSACTION
control field 20211209080040.0
008 - FIXED-LENGTH DATA ELEMENTS--GENERAL INFORMATION
fixed length control field 161029s1979 enk||||| |||| 00| 0 eng d
020 ## - INTERNATIONAL STANDARD BOOK NUMBER
International Standard Book Number 0070528543
035 ## - SYSTEM CONTROL NUMBER
System control number (BD-RjUL)54058
040 ## - CATALOGING SOURCE
Original cataloging agency BD-RjUL
Language of cataloging eng
Transcribing agency BD-RjUL
Modifying agency BD-RjUL
041 ## - LANGUAGE CODE
Language code of text/sound track or separate title eng
082 ## - DEWEY DECIMAL CLASSIFICATION NUMBER
Edition number 23
Classification number 658.5
Author mark and year IND 1979
245 10 - TITLE STATEMENT
Title Industrial organization and management /
Statement of responsibility, etc. James L. Riggs, Lawrence L. Bethel and others
250 ## - EDITION STATEMENT
Edition statement 6th ed.
260 ## - PUBLICATION, DISTRIBUTION, ETC. (IMPRINT)
Place of publication, distribution, etc. New York :
Name of publisher, distributor, etc. Mcgraw-hill book company,
Date of publication, distribution, etc. 1979
300 ## - PHYSICAL DESCRIPTION
Pagination [6], 610 p. :
Illustrations ill. ;
Size 25 cm.
500 ## - GENERAL NOTE
General note Includes Index
650 ## - SUBJECT ADDED ENTRY--TOPICAL TERM
Topical term or geographic name as entry element Industrial organization
9 (RLIN) 161063
Topical term or geographic name as entry element Industrial management
9 (RLIN) 161064
700 ## - ADDED ENTRY--PERSONAL NAME
Personal name Riggs, James L.
Personal name Bethel, Lawrence L.
942 ## - ADDED ENTRY ELEMENTS (KOHA)
Source of classification or shelving scheme Dewey Decimal Classification
Koha item type Books
Holdings
Lost status Source of classification or shelving scheme Damaged status Not for loan Collection code Permanent Location Current Location Shelving location Date acquired Source of acquisition Cost, normal purchase price Total Checkouts Full call number Date last seen Copy number Koha item type
  Dewey Decimal Classification     Non-fiction Central Library, University of Rajshahi Central Library, University of Rajshahi   17/10/1984 Topper Tulip 42.50   658.5 IND 1979 29/10/2016 C-2 Books